=LDR 00000nam 2200000 4500 =001 INLIS000000000034874 =005 20130612140751 =008 ***********************************ind** =035 ##$$0010-061300000034874 =041 ##$$a ind =082 ##$$a 028.5 =090 ##$$a 028.5, Tri b =100 ##$$a Trimansyah, Bambang =245 ##$$a Binatang ajaib, Bambang Trimasyah =250 ##$$a Seri Bocah sains =260 ##$$a [Sa] $b Bogor =300 ##$$a 32 hlm, Ilus, 25 cm =650 ##$$a Bacaan kanak-Kanak =850 ##$$a NBPNMAT =990 ##$$a 00920092 =990 ##$$a 00092393 =990 ##$$a 15721572 =990 ##$$a 21010461 =990 ##$$a 00092393 =990 ##$$a 12051205 =990 ##$$a 1202001205 =990 ##$$a 00092393 =990 ##$$a 21010461 =990 ##$$a 29192919 =990 ##$$a 21010462 =990 ##$$a 00092393 =990 ##$$a 21010461 =990 ##$$a 1202001205